| 000 | 00923nam a22002897a 4500 | ||
|---|---|---|---|
| 003 | CHAP | ||
| 005 | 20220329133925.0 | ||
| 008 | 971013s1969 r 00010 d | ||
| 010 | _a12769 | ||
| 011 | _a13741 | ||
| 035 | _a17813 | ||
| 040 | _cCHAP | ||
| 082 |
_a001.6424 _bC37 |
||
| 100 | 0 | 0 |
_aCarver, D. K. _919717 |
| 245 | _aIntroduction to Fortran II and Fortran IV programming | ||
| 260 |
_aNew York : _bWiley, _c1969 |
||
| 300 |
_a224 p. _b: ilus. |
||
| 590 |
_aBATCH-UPD _b10 _c20130110 _lUCH01 _h2151 |
||
| 590 |
_aBATCH-UPD _b10 _c20130409 _lUCH01 _h2221 |
||
| 590 |
_aBATCH-UPD _b10 _c20130914 _lUCH01 _h0909 |
||
| 590 |
_aCONVERSION _b10 _c20130109 _lUCH01 _h1308 |
||
| 650 | 1 | 4 |
_aFORTRAN (Programación) _942651 |
| 901 | _aBK | ||
| 942 | _cLIBRO | ||
| 949 |
_a001.6424 C37 _bBC _cLIBRO _d-41771 _eLIBRO _h18000 _i17813 _si _t81.00 |
||
| 949 |
_a001.6424 C37 _bBC _cLIBRO _d33724000290425 _eLIBRO _fc.2 _h29032 _i17813 _si _t81.00 |
||
| 999 |
_c12769 _d12769 |
||